| 000 | 00437nam a22001337a 4500 | ||
|---|---|---|---|
| 082 | _a621.3815 HAN'H | ||
| 100 |
_aHUNTER, L.P _956579 |
||
| 245 | _aHANDBOOK OF SEMICONDUCTOR ELECTRONICS A PRACTICAL COVERING THE PHYSICS TECHNOLOGY AND CIRCUITS APPLICATIONS DIODS AND PHOTOCELLS | ||
| 250 | _a2ND | ||
| 260 |
_aNEWYORK _bMCGRAW HILL _c1962 |
||
| 300 | _aXXXVI,V.P | ||
| 650 |
_aHANDBOOK OF SEMICONDUCTOR ELECTRONICS _956580 |
||
| 942 | _cBK | ||
| 999 |
_c566965 _d566965 |
||